000 01188nam0a22002651 4500
001 rc\2384387
005 20260408002232.0
035 _a(NLR Aleph) 006501970
090 _a6240710
_c6240710
100 _a20110829d1978 |||y0rusy50 ca
101 0 _arus
102 _aRU
105 _ay z |||||
200 1 _aАграрная политика партии в действии
_eК итогам июл. (1978 г.) Пленума ЦК КПСС
_e(Материал в помощь лекторам, докладчикам, агитаторам, политинформаторам)
_f[Новиков А.В., Шпотал Л.И.]
210 _aНовосибирск
_cБ. и.
_d1978
215 _a25 с.
_d20
300 _aВ надзаг.: Отд. пропаганды и агитации Новосиб. обкома КПСС
700 1 _aНовиков
_bА.В.
701 1 _aШпотал
_bЛ.И.
712 0 2 _aКПСС
_bНовосибирский областной комитет
_bОтдел пропаганды и агитации
_3RU\NLR\AUTH\8810166627
_9829175
801 0 _aRU
_bNLR
_gpsbo
801 1 _aRU
_bELAR
_2rusmarc
852 _aNLR
_j79-4/3022
942 _cBOOK
980 _aNB